000 01164nam a2200289 i 4500
001 93445
003 ES-MaACL
005 20251202185829.0
007 t|
008 050526s2002 sp ||||1| spa d
020 _a84-95886-00-6
080 _a32 Iglesias, Pablo
245 0 0 _aConstruyendo la modernidad
_b: obra y pensamiento de Pablo Iglesias /
_cpresentación de Alfonso Guerra ; Enrique Moral Sandoval, Santiago Castillo (coordinadores) ; Santos Juliá ... [et al., autores].
250 _a1ª ed.
260 _aMadrid :
_bPablo Iglesias,
_c2002.
300 _aXXI, 359 p. ;
_c21 cm.
500 _aPonencias del Congreso de Historiadores celebrado en la Residencia de Estudiantes de Madrid, los días 15, 16 y 17 de noviembre de 2000.
504 _aBibliografía.
600 1 4 _aIglesias, Pablo,
_d1850-1925
_9242571
700 1 _aMoral Sandoval, Enrique
_9240158
700 1 _aCastillo, Santiago.
_936722
700 1 _aGuerra, Alfonso,
_d1940-
_960479
700 1 _aJuliá, Santos,
_d1940-2019
_967236
711 2 _aCongreso de Historiadores (
_d2000.
_cMadrid)
_9310
852 _aES-MaACL
_jL-29133
_bR.135539
999 _c93445
_d93445